| 000 | 00000nam##2200000za#4500 |
| 001 | 9.603476 |
| 003 | CaOODSP |
| 005 | 20210624211108 |
| 007 | cr ||||||||||| |
| 008 | 150406|2003||||xxc|||||o f|0| 0 fre|d |
| 020 | |a0-662-88846-4 |
| 040 | |aCaOODSP|bfre |
| 043 | |an-cn--- |
| 086 | 1 |aH113-6/2003-3F-IN |
| 110 | 1 |aCanada.|bSanté Canada. |bAgence de réglementation de la lutte antiparasitaire. |
| 245 | 10|aSang séché |h[ressource électronique] |
| 260 | |aOttawa - Ontario : |bSanté Canada. |cLe 15 avril 2003. |
| 300 | |a3p. |
| 490 | 1 |aDécision réglementaire |vRDD2003-03 |
| 590 | |a12-08-Supp|b2012-03-16 |
| 775 | 08|tDried blood |w(CaOODSP)9.573266 |
| 830 | #0|aDécision réglementaire ;|vRDD2003-03|w(CaOODSP)9.500879 |
| 856 | 40|ahttp://publications.gc.ca|qPDF|s67 Ko|uhttps://publications.gc.ca/collections/collection_2012/sc-hc/H113-6-2003-3-fra.pdf|yRDD2003-03 |